000 01216nam a2200289 a 4500
001 ebr10558876
003 CaPaEBR
006 m u
007 cr cn|||||||||
008 120521s2012 ts a sb 001 0 eng d
020 _z9781608052899 (e-book)
040 _aCaPaEBR
_cCaPaEBR
035 _a(OCoLC)797823851
050 1 4 _aQH588.S83
_bF76 2012eb
245 0 0 _aFrontiers in pluripotent stem cells research and therapeutic potentials
_h[electronic resource] :
_bbench-to-bedside /
_cedited by Kuldip S. Sidhu.
250 _a1st ed.
260 _aDubai, United Arab Emirates :
_bBentham Science,
_c[2012?]
300 _aix, 237 p. :
_bill. (some col.)
504 _aIncludes bibliographical references and index.
533 _aElectronic reproduction.
_bPalo Alto, Calif. :
_cebrary,
_d2011.
_nAvailable via World Wide Web.
_nAccess may be limited to ebrary affiliated libraries.
650 0 _aStem cells
_xResearch.
650 0 _aMultipotent stem cells
_xResearch.
655 7 _aElectronic books.
_2local
700 1 _aSidhu, Kuldip S.
710 2 _aebrary, Inc.
856 4 0 _uhttp://site.ebrary.com/lib/rucke/Doc?id=10558876
_zAn electronic book accessible through the World Wide Web; click to view
999 _c190948
_d190948